| 000 | 01762nam a2200241Ia 4500 | ||
|---|---|---|---|
| 008 | 260220t2004||||xx |||||||||||||| ||spa|| | ||
| 040 |
_aPY-SlUNAC _bspa _erda |
||
| 041 | _aspa | ||
| 082 |
_a519.5 _bJ63e |
||
| 100 |
_aJohnson, Robert, Kuby, Patricia _eAutor |
||
| 245 | 0 |
_aEstadística elemental : _blo esencial / _cpor Robert Johnson [Autor] |
|
| 264 |
_aCiudad de México : _bThomson, _c℗2004. |
||
| 300 | _a1 volumen | ||
| 520 | _a"Estadística elemental: lo esencial" de Robert Johnson y Patricia Kuby es un texto fundamental que introduce los conceptos básicos de la estadística de manera clara y accesible. A lo largo del libro, los autores abordan temas como la recolección de datos, la descripción de distribuciones, la probabilidad, y la inferencia estadística, proporcionando ejemplos prácticos que facilitan la comprensión de cada concepto. La obra está diseñada para estudiantes sin un profundo conocimiento previo en matemáticas, utilizando un enfoque pedagógico que enfatiza la aplicación de la estadística en diversas disciplinas. Además, incluye ejercicios y problemas al final de cada capítulo, permitiendo a los lectores practicar y consolidar su aprendizaje. La combinación de teoría y ejemplos reales en contextos variados hace que el texto sea útil tanto en el ámbito académico como en la investigación aplicada. En suma, este libro se presenta como una herramienta valiosa para quienes buscan adquirir una base sólida en estadística elemental. | ||
| 653 | _aEstadística | ||
| 653 | _aMatemáticas | ||
| 653 | _aMétodos cuantitativos | ||
| 942 |
_b2026/02/17 _cBK |
||
| 999 |
_c7643 _d7643 |
||